|
|
|
|
| LEADER |
00000nam0a2200000 4500 |
| 001 |
110446 |
| 005 |
20231031120448.0 |
| 010 |
|
|
|a 9785314000021
|
| 035 |
|
|
|a (RuTPU)RU\TPU\book\119284
|
| 090 |
|
|
|a 110446
|
| 100 |
|
|
|a 20070222d2007 m y0rusy50 ca
|
| 101 |
0 |
|
|a rus
|
| 102 |
|
|
|a RU
|
| 105 |
|
|
|a a j 001zy
|
| 200 |
1 |
|
|a Сборник задач по математике для поступающих в вузы
|e учебное пособие
|f А. В. Норин [и др.]
|
| 210 |
|
|
|a СПб.
|c Питер
|d 2007
|
| 215 |
|
|
|a 223 с.
|c ил.
|
| 225 |
1 |
|
|a Учебное пособие
|
| 320 |
|
|
|a Библиогр.: с. 222-223.
|
| 330 |
|
|
|a Сборник составлен в соответствии с программой вступительных экзаменов по математике технических вузов и соответствует уровню требований, предъявляемых к абитуриентам на письменных вступительных испытаниях по математике. Материалы сборника могут быть использованы преподавателями курсов довузовской подготовки в технических вузах, учителями школ, а также абитуриентами для самостоятельной подготовки к вступительным экзаменам по математике.
|
| 610 |
1 |
|
|a математика
|
| 610 |
1 |
|
|a задачи
|
| 610 |
1 |
|
|a учебные пособия
|
| 610 |
1 |
|
|a арифметические выражения
|
| 610 |
1 |
|
|a алгебраические выражения
|
| 610 |
1 |
|
|a уравнения
|
| 610 |
1 |
|
|a неравенства
|
| 610 |
1 |
|
|a тригонометрические выражения
|
| 610 |
1 |
|
|a преобразования
|
| 610 |
1 |
|
|a функции
|
| 610 |
1 |
|
|a системы уравнений
|
| 610 |
1 |
|
|a прогрессии
|
| 610 |
1 |
|
|a текстовые задачи
|
| 610 |
1 |
|
|a планиметрия
|
| 610 |
1 |
|
|a стереометрия
|
| 675 |
|
|
|a 51(076)
|v 3
|
| 701 |
|
1 |
|a Норин
|b А. В.
|g Александр Владимирович
|
| 701 |
|
1 |
|a Петрас
|b С. В.
|g Станислав Вацлавович
|
| 701 |
|
1 |
|a Родина
|b Т. В.
|g Татьяна Васильевна
|
| 701 |
|
1 |
|a Рыжков
|b А. Е.
|g Александр Евгеньевич
|
| 801 |
|
1 |
|a RU
|b 63413507
|c 20070222
|g PSBO
|
| 801 |
|
2 |
|a RU
|b 63413507
|c 20120216
|g PSBO
|
| 942 |
|
|
|c BK
|
| 959 |
|
|
|a 22/20070222
|d 1
|e 55,00
|f ЧЗТЛ:1
|